|
|
|
|
| LEADER |
00000nab a2200000 ar4500 |
| 001 |
vtls010591656 |
| 003 |
SK-MaSNL |
| 005 |
20260303212943.0 |
| 008 |
140414c2014 xo |r|p||| |000 b|slo |
| 015 |
|
|
|a SNBRB2014/04
|
| 038 |
|
|
|a SPK
|
| 040 |
|
|
|a SPKCL
|b slo
|c AACR2
|e AACR2
|
| 041 |
0 |
|
|a slo
|b slo
|
| 044 |
|
|
|a xo
|c SK
|
| 072 |
|
7 |
|a 373.5/.6
|x Stredné školy
|2 konspekt
|
| 080 |
|
|
|a 373.5/.6
|2 2001
|
| 100 |
1 |
|
|a Soukup, Milan,
|d 1954-
|4 aut
|9 114762
|
| 245 |
1 |
0 |
|a Kým sa deviatak rozhodne...
|c Milan Soukup
|
| 300 |
|
|
|b Fotogr.
|
| 650 |
0 |
7 |
|a prechod na strednú školu
|2 snkbucl
|9 1075449
|
| 650 |
0 |
7 |
|a deviataci
|2 snkbucl
|9 1094197
|
| 650 |
0 |
7 |
|a stredné školy
|2 snkbucl
|9 1279
|
| 773 |
0 |
|
|t Učiteľské noviny
|g Roč. LXI, č. 40(2014)
|x 1335-793X
|
| 773 |
0 |
8 |
|i Príl.:
|t Školstvo odborne
|g č. 40(2014), s. [17], 23
|
| 852 |
|
|
|a SPK
|b KIS3GCP
|
| 999 |
|
|
|c 2209913
|d 2211843
|